| 000 | 00536nam a22001937a 4500 | ||
|---|---|---|---|
| 003 | OSt | ||
| 005 | 20140310181751.0 | ||
| 008 | 130627t xxu||||| |||| 00| 0 eng d | ||
| 020 | _a9718563113 | ||
| 050 |
_aBJ 1661 _b.K52 2002 |
||
| 082 |
_aFIL 305.2355 _bK59 2002 |
||
| 245 |
_aTeenage life : _benjoyment & challenges / _cKing, Jenny |
||
| 260 |
_aPhilippines : _bWorld Link Books, _cc2003. |
||
| 300 |
_a103 p. _bill. ; _c22 cm. |
||
| 521 | _aBasic Ed Studnets | ||
| 541 | _j1 | ||
| 562 | _e1 | ||
| 942 |
_2lcc _cBK-FIL _kFIL |
||
| 999 |
_c3200 _d3200 |
||